[Event "TUR Cup"]
[Site "Denizli"]
[Date "2023.07.17"]
[Round "3"]
[White "Incekara, Abuzer"]
[Black "Duman, Aydin"]
[Result "0-1"]
[WhiteElo "1487"]
[BlackElo "2189"]
[PlyCount "48"]
[EventDate "2023.07.16"]
[EventType "team-tourn"]
[EventRounds "9"]
[EventCountry "TUR"]
[SourceTitle "CBM 215 Extra"]
[Source "ChessBase"]
[SourceDate "2023.09.30"]
[SourceVersion "1"]
[SourceVersionDate "2023.09.30"]
[SourceQuality "1"]

1. f4 Nf6 2. Nf3 g6 3. d4 Bg7 4. e3 0-0 5. Bd3 d6 6. c3 Nc6 7. e4 e5 8. d5 Nb8 9. fxe5 dxe5 10. 0-0 Nbd7 11. Bg5 c6 12. Kh1 cxd5 13. Nbd2 h6 14. Bh4 Qc7 15. Bf2 Nc5 16. Bxc5 Qxc5 17. Qc2 dxe4 18. Bxe4 Ng4 19. Nb3 Qb6 20. Qe2 f5 21. Bd5+ Kh7 22. c4 e4 23. Ne1 Be6 24. c5 Qc7 0-1